• 首页
  • 本馆介绍
  • 公告通知
  • 最新文献
  • 馆藏检索
  • 电子资源
  • 读者导购
  • 参考咨询
  • 我的图书馆
  • 登录
  • 详细信息显示
  • 放入我的书架
  • 预约/预借图书
  • 作者相关作品
  • 分类相关作品
  • 丛书相关作品
  • 出版社相关作品

书目信息

  • 表格格式
  • 工作单格式
  • 卡片格式
题名:
关注视力健康
    
 
作者: 张寅 编著
分册:  
出版信息: 西安   西安电子科技大学出版社  2013.04
页数: 187页
开本: 23cm
丛书名: 健康文化建设书系
单 册:
中图分类: R770.1
科图分类:
主题词: 视力保护--基本知识 , 视力保护
电子资源:
ISBN: 978-7-5606-3027-4
000 00833oam2 2200277 450
001 0108153917
005 20210308154404.0
010    @a978-7-5606-3027-4@dCNY23.80
100    @a20140429d2013 em y0chiy50 ea
101 0  @achi
102    @aCN@b610000
105    @aa z 000yy
106    @ar
200 1  @a关注视力健康@Aguan zhu shi li jian kang@f张寅编著
210    @a西安@c西安电子科技大学出版社@d2013.04
215    @a187页@c图@d23cm
225 2  @a健康文化建设书系
330    @a本书主要内容包括:眼睛的常识、日常眼睛保健常识、保护眼睛,远离近视、常见眼部疾病及治疗共四章。
333    @a大众读者
461  0 @12001 @a健康文化建设书系
606 0  @a视力保护@x基本知识
606 0  @a视力保护
690    @aR770.1@v5
701  0 @a张寅@Azhang yin@4编著
801  0 @aCN@bBJSZM@c20210308
905    @b1273159-62@dR770.1@e14@f4
    
    关注视力健康/张寅编著.-西安:西安电子科技大学出版社,2013.04
    187页:图;23cm.-(健康文化建设书系)
    使用对象:大众读者
    
    ISBN 978-7-5606-3027-4:CNY23.80
    本书主要内容包括:眼睛的常识、日常眼睛保健常识、保护眼睛,远离近视、常见眼部疾病及治疗共四章。
●
相关链接 在E读中查询图书 在五车中查询图书 在当当中查询图书 在豆瓣中查询图书


正题名:关注视力健康     索取号:R770.1/14         预约/预借

序号 登录号 条形码 馆藏地/架位号 状态 备注
1 1273159   212731597   第二样本阅览室/ [索取号:R770.1/14] 在馆    
2 1273160   212731604   教育系资料室/ [索取号:R770.1/14] 在馆    
3 1273161   212731613   教育系资料室/ [索取号:R770.1/14] 在馆    
4 1273162   212731622   第三借阅区/ [索取号:R770.1/14] 在馆    
唐山师范学院图书馆 欢迎您!
大连网信软件有限公司© 版权所有